| 000 | 00822nam a22002057a 4500 | ||
|---|---|---|---|
| 999 |
_c146013 _d146013 |
||
| 005 | 20180922153107.0 | ||
| 010 | _a1718EN-30 B-688388-402 ENG-123648 | ||
| 020 |
_a9788184007626 _c599.00 |
||
| 035 | _aB-688388-402 EN-107180 | ||
| 037 |
_bAakar _adpl |
||
| 037 | _bDBAD/PUB. | ||
| 082 | _a306.0954 | ||
| 100 | _aAnirudh Krishna | ||
| 245 |
_aThe Broken ladder: _cby Anirudh Krishna _bthe paradox and the potential of India’s one billion / |
||
| 260 |
_aGurgaon _bPenguin _c2017 |
||
| 270 |
_a7th Floor, Infinity Tower C, DLF Cyber City, _bGurgaon _e122002 |
||
| 300 |
_axli,282p. _c23cm(Hb) |
||
| 942 |
_2ddc _cEN _h306.0954 _mANI |
||